00229nam a2200085Ia 450000100070000000500170000700800410002424500680006526000100013363981620250826153435.0250824s9999 xx 000 0 und d 0aEce Yüce/Ablalar Yaramazlık Yapar mı?cGülten Dayıoğlu bALTIN